000 00398nam a2200157Ia 4500
008 230917s9999||||xx |||||||||||||| ||und||
040 _e71696
_aMAIN
041 _aEnglish
082 _a005-432 T361U
100 _aThomas, Rebecca
245 2 _aA user's guide to the Unix TM systems
250 _a2nd ed.
260 _aNew Delhi
_bTata McGraw-Hill
_c1985
300 _aix, 716 p.
942 _cBK
999 _c107578
_d107578